[Event "6I Torneo Ciudad de Pontevedra 2018"]
[Site "Pontevedra ESP"]
[Date "2018.08.12"]
[Round "7.5"]
[White "Oratovsky, Michael"]
[Black "Merario Alarcon, Andres"]
[Result "1-0"]
[WhiteElo "2489"]
[BlackElo "2406"]
[PlyCount "101"]
[EventDate "2018.08.08"]
[EventType "swiss"]
[EventRounds "9"]
[EventCountry "ESP"]
[SourceTitle "Ajedrez en Madrid"]
[Source "lmi"]
[SourceDate "2018.08.08"]

1. e4 e5 2. Nf3 Nc6 3. Bc4 Nf6 4. d3 Bc5 5. c3 d6 6. Nbd2 a5 7. Nf1 O-O 8. Ng3
h6 9. O-O Be6 10. Bb5 Ba7 11. d4 exd4 12. cxd4 Bg4 13. Be3 Nh5 14. Bxc6 bxc6
15. Rc1 Nxg3 16. hxg3 Qe7 17. Rxc6 Qxe4 18. Rxc7 Rfc8 19. Rxc8+ Rxc8 20. Nd2
Qe6 21. Qa4 Qd5 22. Nb1 Rb8 23. Nc3 Qf5 24. b3 Bh5 25. Qc6 Rc8 26. Qb5 Bg6 27.
Qxf5 Bxf5 28. Nb5 Bb8 29. Rc1 Rd8 30. d5 Bd7 31. Nd4 Re8 32. Nc6 Bc7 33. Ne7+
Kf8 34. Ng6+ fxg6 35. Rxc7 Ke7 36. Ra7 Rb8 37. Rxa5 Rb5 38. Rxb5 Bxb5 39. Bd4
Bd3 40. Bxg7 Bb1 41. a4 Ba2 42. Bxh6 Bxb3 43. a5 Bxd5 44. a6 Ke6 45. f3 Bc6 46.
Kf2 Kd5 47. a7 Kc4 48. Ke3 d5 49. Bg7 Kc5 50. Bd4+ Kc4 51. g4 1-0

[Event "6I Torneo Ciudad de Pontevedra 2018"]
[Site "Pontevedra ESP"]
[Date "2018.08.12"]
[Round "7.6"]
[White "Garcia Sobrino, David"]
[Black "Pena Gomez, Manuel"]
[Result "0-1"]
[WhiteElo "2211"]
[BlackElo "2483"]
[PlyCount "90"]
[EventDate "2018.08.08"]
[EventType "swiss"]
[EventRounds "9"]
[EventCountry "ESP"]
[SourceTitle "Ajedrez en Madrid"]
[Source "lmi"]
[SourceDate "2018.08.08"]

1. e4 c5 2. Nf3 d6 3. Bb5+ Bd7 4. Bxd7+ Qxd7 5. c4 Nf6 6. Nc3 g6 7. d4 cxd4 8.
Nxd4 Bg7 9. f3 O-O 10. Be3 Rc8 11. b3 Nc6 12. O-O a6 13. a4 e6 14. Nxc6 bxc6
15. Qd3 d5 16. Rab1 Qc7 17. Rfc1 d4 18. Qxd4 Ng4 19. e5 Nxe3 20. Qxe3 Bxe5 21.
g3 Rd8 22. Rd1 c5 23. Ne2 Rab8 24. Kg2 Kg7 25. f4 Bf6 26. Qf3 Qb6 27. Ng1 Rxd1
28. Qxd1 Rd8 29. Qc2 h6 30. Nf3 g5 31. fxg5 hxg5 32. h3 Qb7 33. Re1 Rb8 34. Re3
Bd4 35. Rd3 e5 36. Rd2 e4 37. Nxd4 e3+ 38. Kh2 exd2 39. Nf5+ Kf6 40. Nd6 Qf3
41. Ne4+ Qxe4 42. Qxe4 d1=Q 43. h4 Qd4 44. Qc6+ Kg7 45. h5 Rxb3 0-1

[Event "6I Torneo Ciudad de Pontevedra 2018"]
[Site "Pontevedra ESP"]
[Date "2018.08.12"]
[Round "7.7"]
[White "Cabezas Ayala, Ivan"]
[Black "Suarez Gomez, Julio"]
[Result "1/2-1/2"]
[WhiteElo "2308"]
[BlackElo "2469"]
[PlyCount "100"]
[EventDate "2018.08.08"]
[EventType "swiss"]
[EventRounds "9"]
[EventCountry "ESP"]
[SourceTitle "Ajedrez en Madrid"]
[Source "lmi"]
[SourceDate "2018.08.08"]

1. e4 e6 2. d4 d5 3. Nc3 Bb4 4. e5 Ne7 5. a3 Bxc3+ 6. bxc3 b6 7. h4 Ba6 8. Bxa6
Nxa6 9. Nh3 Qd7 10. a4 Nb8 11. Nf4 g6 12. Nd3 h6 13. Bd2 Nbc6 14. Qc1 h5 15.
Bg5 Na5 16. O-O O-O-O 17. Qb1 Rde8 18. Qb4 Nec6 19. Qb5 Nb8 20. Qb4 Na6 21. Qb1
Qc6 22. Qb2 Kb7 23. Rfe1 Rc8 24. Be7 Nb8 25. Bb4 Nc4 26. Qc1 a5 27. Be7 Ka7 28.
Bg5 Qe8 29. Qf4 Nd7 30. Rab1 Rg8 31. Rb5 Nf8 32. Qc1 Nh7 33. Nb2 Qc6 34. Nd3
Qe8 35. Nb2 Nxb2 36. Qxb2 Qc6 37. Be7 Rb8 38. Rb1 Rb7 39. f4 Nf8 40. Bxf8 Rxf8
41. Qa3 Rfb8 42. Kf2 Qc4 43. Qb2 Ka8 44. Qa3 Ra7 45. R5b3 Re8 46. Rb5 Qc6 47.
Qb3 Rc8 48. Qa3 Re8 49. Qb2 Qc4 50. Qa3 Qc6 1/2-1/2

[Event "6I Torneo Ciudad de Pontevedra 2018"]
[Site "Pontevedra ESP"]
[Date "2018.08.12"]
[Round "7.8"]
[White "Calzetta Ruiz, Monica"]
[Black "Khamrakulov, Ibragim S"]
[Result "1/2-1/2"]
[WhiteElo "2302"]
[BlackElo "2430"]
[PlyCount "65"]
[EventDate "2018.08.08"]
[EventType "swiss"]
[EventRounds "9"]
[EventCountry "ESP"]
[SourceTitle "Ajedrez en Madrid"]
[Source "lmi"]
[SourceDate "2018.08.08"]

1. e4 c5 2. Nf3 e6 3. d4 cxd4 4. Nxd4 Nc6 5. Nc3 Qc7 6. Be3 a6 7. Qf3 Nxd4 8.
Bxd4 Ne7 9. Qg3 d6 10. O-O-O Nc6 11. Be3 b5 12. f4 b4 13. Na4 Rb8 14. b3 Na7
15. Bc4 Nb5 16. f5 Na3 17. Bd3 a5 18. Rd2 e5 19. Rhd1 Bd7 20. Nb2 a4 21. Bc4
Bc6 22. f6 g6 23. Re2 Rc8 24. Qf2 Bd7 25. Rd5 g5 26. Bd2 axb3 27. axb3 Rb8 28.
Qe1 Qa7 29. Bxg5 Nxc4 30. Nxc4 Qa1+ 31. Kd2 Qc3+ 32. Kc1 Qa1+ 33. Kd2 1/2-1/2

[Event "6I Torneo Ciudad de Pontevedra 2018"]
[Site "Pontevedra ESP"]
[Date "2018.08.12"]
[Round "7.9"]
[White "Dionisi, Thomas"]
[Black "Krutti, Valer"]
[Result "1/2-1/2"]
[WhiteElo "2403"]
[BlackElo "2312"]
[PlyCount "110"]
[EventDate "2018.08.08"]
[EventType "swiss"]
[EventRounds "9"]
[EventCountry "ESP"]
[SourceTitle "Ajedrez en Madrid"]
[Source "lmi"]
[SourceDate "2018.08.08"]

1. e4 g6 2. d4 c6 3. Nc3 d5 4. Nf3 Bg7 5. h3 dxe4 6. Nxe4 Nd7 7. Bc4 Ngf6 8.
Nxf6+ Nxf6 9. Qe2 O-O 10. O-O Qd6 11. a4 Nd5 12. Re1 Bf5 13. Bg5 Rfe8 14. Rad1
Rad8 15. Bb3 Qb4 16. Bd2 Qb6 17. Bc1 Qc7 18. Ne5 Be6 19. h4 c5 20. dxc5 Qxc5
21. h5 Nc3 22. bxc3 Rxd1 23. Qxd1 Bxe5 24. Bxe6 fxe6 25. Qd7 Kf7 26. Qxb7 Bxc3
27. Qf3+ Bf6 28. Qh3 Qxh5 29. Qxe6+ Kg7 30. Qd7 Qa5 31. Re4 Rf8 32. Rxe7+ Bxe7
33. Qxe7+ Rf7 34. Bb2+ Kg8 35. Qe8+ Rf8 36. Qe6+ Rf7 37. Qc8+ Rf8 38. Qc4+ Rf7
39. Qd4 Kf8 40. Ba3+ Ke8 41. Qe4+ Kd7 42. Qb7+ Qc7 43. Qd5+ Kc8 44. Qa8+ Qb8
45. Qc6+ Qc7 46. Qa8+ Kd7 47. Qd5+ Kc8 48. Bd6 Qb7 49. Qe6+ Qd7 50. Qc4+ Kb7
51. Qd5+ Ka6 52. Qc4+ Kb7 53. Qd5+ Ka6 54. Qc4+ Kb7 55. Qd5+ Ka6 1/2-1/2

[Event "6I Torneo Ciudad de Pontevedra 2018"]
[Site "Pontevedra ESP"]
[Date "2018.08.12"]
[Round "7.10"]
[White "Silva, Luis Neves Da"]
[Black "Perez Carballo, David"]
[Result "1-0"]
[WhiteElo "2374"]
[BlackElo "2090"]
[PlyCount "157"]
[EventDate "2018.08.08"]
[EventType "swiss"]
[EventRounds "9"]
[EventCountry "ESP"]
[SourceTitle "Ajedrez en Madrid"]
[Source "lmi"]
[SourceDate "2018.08.08"]

1. Nf3 c5 2. c4 Nf6 3. Nc3 b6 4. g3 Bb7 5. Bg2 g6 6. O-O Bg7 7. d4 cxd4 8. Qxd4
O-O 9. Qh4 Qc7 10. Nb5 Qc6 11. Be3 a6 12. Nc3 Rc8 13. Rfd1 d6 14. Rac1 Qc7 15.
Nd5 Nxd5 16. cxd5 Qd8 17. Rxc8 Bxc8 18. Nd4 Bf6 19. Bg5 Nd7 20. Nc6 Qe8 21. Bh3
Bxg5 22. Qxg5 Nf6 23. Bg2 Bb7 24. Qe3 Nxd5 25. Nxe7+ Qxe7 26. Qxe7 Nxe7 27.
Bxb7 Ra7 28. Bf3 Rd7 29. e3 Kg7 30. Kf1 Kf6 31. Ke2 Ke5 32. Bg4 f5 33. f4+ Ke6
34. Bf3 Rc7 35. Kd3 Nd5 36. a3 a5 37. e4 Nf6 38. exf5+ Kxf5 39. Re1 Rc5 40. Re7
Rb5 41. Kc2 Rc5+ 42. Kb1 h6 43. Bd1 g5 44. Bc2+ Kg4 45. Re6 Nd5 46. Rxh6 gxf4
47. gxf4 Ne3 48. Bb3 Rb5 49. Ka2 Rh5 50. Rxh5 Kxh5 51. Be6 d5 52. Kb1 d4 53.
Kc1 Kg6 54. Kd2 Ng2 55. f5+ Kf6 56. Bd5 Nf4 57. Be4 Ke5 58. Bd3 Nh3 59. Kc2 Nf4
60. h4 Nh5 61. Kb3 Nf4 62. Kc2 Nh5 63. a4 Nf4 64. Kd2 Nh5 65. Bc2 Nf4 66. Bb1
Kf6 67. Bd3 Ke5 68. Kc2 Kf6 69. Be4 Ke5 70. Bf3 Kxf5 71. Kb3 Nd3 72. h5 Nc5+
73. Ka3 Nd3 74. h6 Nf4 75. h7 Ng6 76. Kb3 Kf4 77. Bh5 Nh8 78. Kc4 Ke3 79. Kb5
1-0

[Event "6I Torneo Ciudad de Pontevedra 2018"]
[Site "Pontevedra ESP"]
[Date "2018.08.12"]
[Round "7.11"]
[White "Costa, Paulo"]
[Black "Estremera Panos, Sergio"]
[Result "0-1"]
[WhiteElo "2170"]
[BlackElo "2337"]
[PlyCount "110"]
[EventDate "2018.08.08"]
[EventType "swiss"]
[EventRounds "9"]
[EventCountry "ESP"]
[SourceTitle "Ajedrez en Madrid"]
[Source "lmi"]
[SourceDate "2018.08.08"]

1. d4 Nf6 2. Nf3 c5 3. c4 cxd4 4. Nxd4 e6 5. g3 d5 6. Bg2 e5 7. Nb3 d4 8. O-O
Nc6 9. e3 Bg4 10. f3 Be6 11. exd4 exd4 12. Re1 Be7 13. Bg5 O-O 14. N1d2 Rc8 15.
Bxf6 Bxf6 16. Nc5 d3 17. Nxe6 fxe6 18. Bh3 Nd4 19. Rxe6 Rc7 20. Re4 Ne2+ 21.
Rxe2 dxe2 22. Qxe2 Qd4+ 23. Kf1 Re7 24. Ne4 Rxe4 25. fxe4 Qxb2 26. Re1 Bd4+ 27.
Bf5 g6 28. Qxb2 Bxb2 29. Rb1 Bd4 30. Rxb7 gxf5 31. exf5 Rxf5+ 32. Ke2 Bb6 33.
Kd3 Re5 34. Rb8+ Kf7 35. Rb7+ Kf6 36. Rd7 h5 37. Rd5 Rxd5+ 38. cxd5 Kf5 39. h3
Ke5 40. Kc4 Kd6 41. a4 Bf2 42. g4 hxg4 43. hxg4 Be3 44. Kd3 Bg5 45. Kd4 Bd8 46.
Ke4 Be7 47. Kd4 Bf6+ 48. Ke4 a5 49. Kf5 Bc3 50. Ke4 Bh8 51. g5 Ba1 52. g6 Bh8
53. Kd3 Kxd5 54. Kc2 Bg7 55. Kb3 Kc5 0-1

[Event "6I Torneo Ciudad de Pontevedra 2018"]
[Site "Pontevedra ESP"]
[Date "2018.08.12"]
[Round "7.12"]
[White "Praveen, Kumar C"]
[Black "Pazos Porta, Antonio"]
[Result "0-1"]
[WhiteElo "2238"]
[BlackElo "2335"]
[PlyCount "54"]
[EventDate "2018.08.08"]
[EventType "swiss"]
[EventRounds "9"]
[EventCountry "ESP"]
[SourceTitle "Ajedrez en Madrid"]
[Source "lmi"]
[SourceDate "2018.08.08"]

1. d4 Nf6 2. c4 g6 3. Nc3 Bg7 4. e4 d6 5. Nf3 O-O 6. Be2 e5 7. O-O Na6 8. Be3
Ng4 9. Bg5 Qe8 10. dxe5 dxe5 11. Nd5 f6 12. Bc1 c6 13. Nc3 Qe7 14. h3 Nh6 15.
Be3 Nf7 16. Re1 Be6 17. a3 f5 18. exf5 gxf5 19. Bf1 Rad8 20. Qc2 e4 21. Nd2 Nc5
22. Nb3 Nxb3 23. Qxb3 Ne5 24. Qa4 f4 25. Bxa7 e3 26. Ne4 Bf5 27. Bc5 Qh4 0-1

[Event "6I Torneo Ciudad de Pontevedra 2018"]
[Site "Pontevedra ESP"]
[Date "2018.08.12"]
[Round "7.13"]
[White "Samoun, Florent"]
[Black "Prado Lobo, Jonas"]
[Result "1-0"]
[WhiteElo "2334"]
[BlackElo "2143"]
[PlyCount "85"]
[EventDate "2018.08.08"]
[EventType "swiss"]
[EventRounds "9"]
[EventCountry "ESP"]
[SourceTitle "Ajedrez en Madrid"]
[Source "lmi"]
[SourceDate "2018.08.08"]

1. e4 e6 2. d4 d5 3. Bd3 dxe4 4. Bxe4 Nf6 5. Bf3 Nc6 6. Ne2 e5 7. Bxc6+ bxc6 8.
O-O exd4 9. Nxd4 c5 10. Qf3 Qd5 11. Re1+ Be7 12. Nc3 Qxf3 13. Nxf3 Be6 14. b3
O-O-O 15. Ng5 Nd5 16. Nxe6 fxe6 17. Nxd5 Rxd5 18. Bb2 Rd2 19. Rxe6 Bd6 20. Rae1
Rxc2 21. R6e2 Rxe2 22. Rxe2 Rg8 23. Re4 g6 24. Kf1 Rf8 25. g3 Rf7 26. Ke2 Kb7
27. f4 Re7 28. Rxe7 Bxe7 29. Kd3 Kc6 30. Ke4 Kb5 31. Kd5 Bf8 32. g4 c6+ 33. Ke6
c4 34. bxc4+ Kxc4 35. Kf7 Bd6 36. Be5 Bc5 37. Ke6 Bg1 38. f5 gxf5 39. gxf5 Be3
40. Bg7 Kb4 41. f6 Ka3 42. f7 Bc5 43. Be5 1-0

[Event "6I Torneo Ciudad de Pontevedra 2018"]
[Site "Pontevedra ESP"]
[Date "2018.08.12"]
[Round "7.14"]
[White "Rodriguez Lopez, Rafael"]
[Black "Paiva, Henrique M A Alberg"]
[Result "1-0"]
[WhiteElo "2312"]
[BlackElo "2080"]
[PlyCount "101"]
[EventDate "2018.08.08"]
[EventType "swiss"]
[EventRounds "9"]
[EventCountry "ESP"]
[SourceTitle "Ajedrez en Madrid"]
[Source "lmi"]
[SourceDate "2018.08.08"]

1. e4 c5 2. Nf3 d6 3. Bb5+ Bd7 4. Bxd7+ Qxd7 5. c4 Nf6 6. Nc3 Nc6 7. d4 cxd4 8.
Nxd4 g6 9. O-O Bg7 10. Nde2 O-O 11. f3 Rac8 12. Be3 Rfd8 13. Qd2 a6 14. Bb6 Rf8
15. b3 Ne5 16. a4 Ne8 17. Rab1 Nc7 18. Kh1 Ne6 19. Be3 Nc5 20. Nd5 Qd8 21. Bg5
f6 22. Be3 e6 23. Ndc3 Qe7 24. h3 g5 25. Rfd1 Rfd8 26. Bd4 Nc6 27. Bg1 Ne5 28.
Bh2 Qe8 29. Qe3 b6 30. Nd4 Qg6 31. Qe2 Qf7 32. Nc2 f5 33. exf5 Qxf5 34. Nd4 Qg6
35. Qe3 Kh8 36. Rb2 Ned3 37. Rbd2 d5 38. cxd5 exd5 39. Rxd3 Nxd3 40. Rxd3 Re8
41. Qd2 Re1+ 42. Bg1 Rce8 43. Nde2 g4 44. fxg4 d4 45. Rxd4 Bxd4 46. Qxd4+ Qg7
47. Qd2 Rf1 48. Ng3 Ra1 49. Kh2 Qg6 50. Bd4+ Kg8 51. Nce4 1-0

[Event "6I Torneo Ciudad de Pontevedra 2018"]
[Site "Pontevedra ESP"]
[Date "2018.08.12"]
[Round "7.15"]
[White "Starostits, Ilmars"]
[Black "Gil Reguera, Juan Carlos"]
[Result "1-0"]
[WhiteElo "2454"]
[BlackElo "2085"]
[PlyCount "95"]
[EventDate "2018.08.08"]
[EventType "swiss"]
[EventRounds "9"]
[EventCountry "ESP"]
[SourceTitle "Ajedrez en Madrid"]
[Source "lmi"]
[SourceDate "2018.08.08"]

1. e4 c5 2. Nc3 d6 3. g3 Nc6 4. Bg2 g6 5. d3 Bg7 6. f4 e6 7. Nf3 Nge7 8. O-O
O-O 9. Be3 b6 10. Bf2 Ba6 11. g4 Rc8 12. Bh4 Qd7 13. f5 exf5 14. gxf5 gxf5 15.
Bh3 Nd4 16. Nxd4 Bxd4+ 17. Kh1 f6 18. Bxf5 Nxf5 19. Rxf5 Bb7 20. Qf3 Qe7 21.
Rf1 Kg7 22. Ne2 Be5 23. Ng3 Kh8 24. Rxf6 Bxf6 25. Bxf6+ Rxf6 26. Qxf6+ Qxf6 27.
Rxf6 c4 28. Rxd6 cxd3 29. cxd3 Ba6 30. Nf5 Rc1+ 31. Kg2 Rc2+ 32. Kg3 Kg8 33.
Kf4 Kf7 34. d4 Bc8 35. Rd8 Bxf5 36. Kxf5 Ke7 37. Ra8 Rxb2 38. Rxa7+ Kd6 39. e5+
Kd5 40. Rd7+ Kc6 41. Ke6 Rxh2 42. d5+ Kc5 43. Rc7+ Kd4 44. d6 Rh6+ 45. Ke7 Kxe5
46. d7 Re6+ 47. Kd8 Kd6 48. Kc8 1-0

[Event "6I Torneo Ciudad de Pontevedra 2018"]
[Site "Pontevedra ESP"]
[Date "2018.08.12"]
[Round "7.16"]
[White "Andias, Joao Pedro Menezes"]
[Black "Horton, Andrew P"]
[Result "0-1"]
[WhiteElo "2036"]
[BlackElo "2408"]
[PlyCount "106"]
[EventDate "2018.08.08"]
[EventType "swiss"]
[EventRounds "9"]
[EventCountry "ESP"]
[SourceTitle "Ajedrez en Madrid"]
[Source "lmi"]
[SourceDate "2018.08.08"]

1. e4 e5 2. Nf3 Nc6 3. Bc4 Bc5 4. c3 Nf6 5. d3 d6 6. Bb3 O-O 7. Bg5 Bb6 8. Nbd2
Be6 9. h3 Qe7 10. Nf1 Bxb3 11. axb3 Qe6 12. Ne3 Ne7 13. O-O Rfe8 14. Nc4 h6 15.
Bd2 Ng6 16. Re1 Rad8 17. Nxb6 axb6 18. Qc2 d5 19. Ra7 Qc6 20. g3 dxe4 21. dxe4
Ra8 22. Rxa8 Rxa8 23. Bc1 Ra1 24. Nd2 Kf8 25. Kg2 Ne8 26. f3 Nd6 27. Nf1 Ne7
28. Ne3 f6 29. Rd1 Kg8 30. Nd5 Nxd5 31. Rxd5 Ra5 32. Rd1 Ra8 33. Be3 Rf8 34. g4
Rd8 35. h4 h5 36. gxh5 Qe8 37. Qf2 Kh7 38. h6 Qg6+ 39. Kh2 Nxe4 40. Rxd8 Nxf2
41. Rd7 Qc2 42. Rxg7+ Kh8 43. Rg2 Qe2 44. Bxf2 Qxf3 45. Bg3 Qe3 46. Rf2 Qxh6
47. Re2 Kg8 48. Rf2 Kg7 49. b4 Qe3 50. Rg2 Kf7 51. Bf2 Qf3 52. Bg3 Ke6 53. Kh3
f5 0-1

[Event "6I Torneo Ciudad de Pontevedra 2018"]
[Site "Pontevedra ESP"]
[Date "2018.08.12"]
[Round "7.17"]
[White "Senlle Caride, Miguel"]
[Black "Cinza Lopez, Javier"]
[Result "1-0"]
[WhiteElo "2311"]
[BlackElo "2009"]
[PlyCount "119"]
[EventDate "2018.08.08"]
[EventType "swiss"]
[EventRounds "9"]
[EventCountry "ESP"]
[SourceTitle "Ajedrez en Madrid"]
[Source "lmi"]
[SourceDate "2018.08.08"]

1. e4 e6 2. d4 d5 3. Nc3 dxe4 4. Nxe4 Bd7 5. Nf3 Bc6 6. Bd3 Bxe4 7. Bxe4 c6 8.
O-O Nf6 9. Bd3 Be7 10. Re1 Nbd7 11. c4 O-O 12. b3 Qb6 13. Bb2 Rad8 14. Qc2 Rfe8
15. Rad1 Nf8 16. g3 N6d7 17. h4 Bf6 18. Ng5 g6 19. Ne4 Bg7 20. Ba3 e5 21. Nd6
Re6 22. c5 Qc7 23. Bc4 exd4 24. Bxe6 Nxe6 25. b4 a5 26. bxa5 Ne5 27. Qb3 Qe7
28. f4 Ng4 29. Qxb7 Qf6 30. a6 Nxf4 31. gxf4 Qxf4 32. Qxf7+ Qxf7 33. Nxf7 Kxf7
34. Re4 h5 35. Bb2 Ra8 36. Rf1+ Kg8 37. Bxd4 Bxd4+ 38. Rxd4 Rxa6 39. Rd8+ Kg7
40. Rd7+ Kg8 41. Rb1 Ra8 42. Rbb7 Ne5 43. Rg7+ Kf8 44. Rh7 Kg8 45. Rbg7+ Kf8
46. Rh8+ Kxg7 47. Rxa8 Nf3+ 48. Kf2 Nxh4 49. a4 Nf5 50. Rd8 g5 51. a5 g4 52. a6
h4 53. a7 g3+ 54. Kf3 h3 55. a8=Q h2 56. Rg8+ Kh7 57. Rh8+ Kg6 58. Qe8+ Kg5 59.
Rg8+ Kf6 60. Rg6# 1-0

[Event "6I Torneo Ciudad de Pontevedra 2018"]
[Site "Pontevedra ESP"]
[Date "2018.08.12"]
[Round "7.18"]
[White "Fernandez Garcia, Gumersindo"]
[Black "Forgas Moreno, Yaniela"]
[Result "1-0"]
[WhiteElo "1980"]
[BlackElo "2299"]
[PlyCount "105"]
[EventDate "2018.08.08"]
[EventType "swiss"]
[EventRounds "9"]
[EventCountry "ESP"]
[SourceTitle "Ajedrez en Madrid"]
[Source "lmi"]
[SourceDate "2018.08.08"]

1. d4 f5 2. c4 Nf6 3. Nc3 g6 4. Nf3 Bg7 5. g3 d6 6. Bg2 O-O 7. O-O c6 8. d5 e5
9. dxe6 Bxe6 10. b3 Ne4 11. Nxe4 fxe4 12. Nd4 Bg4 13. Bxe4 Qe7 14. f3 Nd7 15.
Rb1 Bh3 16. Re1 Nc5 17. Bc2 Qe5 18. e3 Qh5 19. f4 Bg4 20. Qd2 d5 21. cxd5 cxd5
22. Ba3 Rac8 23. Rbc1 Ne4 24. Bxe4 dxe4 25. Bb2 Qd5 26. Rxc8 Rxc8 27. Rc1 Rxc1+
28. Qxc1 h5 29. Qc7 a6 30. h4 Bd7 31. Qd8+ Kh7 32. Qe7 Bg4 33. Kf2 Kg8 34. Bc3
Bf8 35. Qe8 Bf5 36. Bb4 Qf7 37. Qxf8+ Qxf8 38. Bxf8 Kxf8 39. Ke2 Bd7 40. Kd2
Ke7 41. Kc3 Kd6 42. Kc4 Bh3 43. Nc2 Bg2 44. Kd4 Ke6 45. Na3 Kf5 46. Nc4 Kg4 47.
Ne5+ Kxg3 48. Nxg6 Bh3 49. Kxe4 Bc8 50. f5 Kg4 51. Ne5+ Kxh4 52. f6 Be6 53. f7
1-0

[Event "6I Torneo Ciudad de Pontevedra 2018"]
[Site "Pontevedra ESP"]
[Date "2018.08.12"]
[Round "7.19"]
[White "Galiana Fernandez, Adrian"]
[Black "Fernandes, Ricardo Paulos"]
[Result "0-1"]
[WhiteElo "2291"]
[BlackElo "2024"]
[PlyCount "52"]
[EventDate "2018.08.08"]
[EventType "swiss"]
[EventRounds "9"]
[EventCountry "ESP"]
[SourceTitle "Ajedrez en Madrid"]
[Source "lmi"]
[SourceDate "2018.08.08"]

1. e4 c5 2. Nf3 d6 3. d4 cxd4 4. Nxd4 Nf6 5. Nc3 g6 6. Be3 Bg7 7. Be2 Nc6 8.
Qd2 O-O 9. O-O-O d5 10. exd5 Nxd5 11. Nxc6 bxc6 12. Nxd5 cxd5 13. Qxd5 Qc7 14.
Qxa8 Bf5 15. Qxf8+ Kxf8 16. c4 Qa5 17. Rd2 Bc3 18. Rhd1 Bxd2+ 19. Rxd2 Qxa2 20.
Rd8+ Kg7 21. Rb8 Qa4 22. Kd2 Qa5+ 23. b4 Qa2+ 24. Ke1 Qa1+ 25. Kd2 Qb2+ 26. Ke1
Qc3+ 0-1

[Event "6I Torneo Ciudad de Pontevedra 2018"]
[Site "Pontevedra ESP"]
[Date "2018.08.12"]
[Round "7.20"]
[White "Del Prado Rodriguez, Xulio"]
[Black "Rebole Arbea, Jose Ignacio"]
[Result "0-1"]
[WhiteElo "1671"]
[BlackElo "2143"]
[PlyCount "148"]
[EventDate "2018.08.08"]
[EventType "swiss"]
[EventRounds "9"]
[EventCountry "ESP"]
[SourceTitle "Ajedrez en Madrid"]
[Source "lmi"]
[SourceDate "2018.08.08"]

1. Nf3 f5 2. d4 Nf6 3. g3 g6 4. Bg2 Bg7 5. O-O O-O 6. c4 d6 7. d5 c5 8. Nc3 h6
9. Qd3 Na6 10. a3 Nc7 11. b3 Rb8 12. Rb1 Ne4 13. Bb2 b5 14. Nxb5 Nxb5 15. cxb5
Qa5 16. Bxg7 Kxg7 17. b4 Qxb5 18. Qxb5 Rxb5 19. bxc5 Rxc5 20. Rb4 a5 21. Rd4
Ba6 22. Nd2 Nc3 23. Bf3 Rb8 24. Re1 Rb2 25. e4 Nb5 26. Rd3 Rcc2 27. Nf1 Nc3 28.
Rde3 Bxf1 29. Rxf1 fxe4 30. Bxe4 Re2 31. Rxc3 Rxe4 32. Rd1 g5 33. h3 h5 34. Rf3
g4 35. hxg4 hxg4 36. Rfd3 Kf6 37. f3 gxf3 38. Rxf3+ Kg5 39. Rf2 Rb3 40. Ra1
Rxg3+ 41. Kh2 Rd3 42. Rg1+ Rg4 43. Re1 Rh4+ 44. Kg2 Rh7 45. Rfe2 Rxa3 46. Rxe7
Rxe7 47. Rxe7 Rd3 48. Re4 Kf5 49. Ra4 Rxd5 50. Kf3 Re5 51. Rd4 Ke6 52. Kf4 Kd7
53. Rc4 Rc5 54. Rd4 Kc6 55. Ke4 Re5+ 56. Kf4 Kc5 57. Ra4 Kc6 58. Rc4+ Rc5 59.
Rd4 d5 60. Ke5 Rc4 61. Rd3 Re4+ 62. Kf5 Kc5 63. Kg5 a4 64. Rd2 a3 65. Ra2 Re3
66. Kf4 d4 67. Rc2+ Kb4 68. Rd2 Kc4 69. Ra2 Rh3 70. Kg4 Rd3 71. Kf4 Kb3 72. Rh2
Rd1 73. Ke4 a2 74. Rxa2 Kxa2 0-1

[Event "6I Torneo Ciudad de Pontevedra 2018"]
[Site "Pontevedra ESP"]
[Date "2018.08.12"]
[Round "7.21"]
[White "Vidal Fernandez, Pablo"]
[Black "Guerra Bastida, Diego"]
[Result "0-1"]
[WhiteElo "2143"]
[BlackElo "2317"]
[PlyCount "64"]
[EventDate "2018.08.08"]
[EventType "swiss"]
[EventRounds "9"]
[EventCountry "ESP"]
[SourceTitle "Ajedrez en Madrid"]
[Source "lmi"]
[SourceDate "2018.08.08"]

1. e4 d6 2. d4 Nf6 3. Nc3 g6 4. Be3 a6 5. f3 b5 6. Qd2 Nbd7 7. g4 Nb6 8. Bd3 h5
9. g5 Nfd7 10. f4 Bb7 11. Nf3 e6 12. Ne2 d5 13. e5 Nc4 14. Bxc4 dxc4 15. O-O
Nb6 16. c3 Qd7 17. h3 O-O-O 18. Kh2 h4 19. Rad1 Qd5 20. Qc2 Kb8 21. Qb1 Nc8 22.
Qc2 Ne7 23. Rd2 Nf5 24. Bg1 Be7 25. Qb1 Rh7 26. Qc2 Rdh8 27. Qb1 Ng3 28. Nxg3
hxg3+ 29. Kg2 Rxh3 30. Qc2 Rh1 31. Re2 R8h2+ 32. Bxh2 Rxf1 0-1

[Event "6I Torneo Ciudad de Pontevedra 2018"]
[Site "Pontevedra ESP"]
[Date "2018.08.12"]
[Round "7.22"]
[White "Torrado Quintela, Julio"]
[Black "Alvarez Pampillon, Antonio"]
[Result "1-0"]
[WhiteElo "2195"]
[BlackElo "1696"]
[PlyCount "81"]
[EventDate "2018.08.08"]
[EventType "swiss"]
[EventRounds "9"]
[EventCountry "ESP"]
[SourceTitle "Ajedrez en Madrid"]
[Source "lmi"]
[SourceDate "2018.08.08"]

1. d4 c5 2. e3 g6 3. Nf3 cxd4 4. exd4 Bg7 5. Bd3 Nf6 6. O-O O-O 7. Re1 e6 8.
Bf4 d5 9. Nc3 Bd7 10. Qd2 Bc6 11. h3 Nbd7 12. a4 Nb6 13. b3 Nc8 14. Ne5 Nd6 15.
Nxc6 bxc6 16. a5 c5 17. dxc5 Nde4 18. Bxe4 Nxe4 19. Nxe4 Bxa1 20. Rxa1 dxe4 21.
Qc3 f5 22. Bd6 Qf6 23. Be5 Qd8 24. Qe1 Rf7 25. Rd1 Rd7 26. Bd6 Rc8 27. Qb4 Rc6
28. Qd4 Qxa5 29. Qf6 Qd8 30. Qxe6+ Rf7 31. b4 a5 32. Qd5 Rc8 33. b5 Qd7 34. c6
Qd8 35. Qc4 Qe8 36. Bf4 Rd8 37. Rxd8 Qxd8 38. c7 Qc8 39. b6 Kg7 40. b7 Qxb7 41.
c8=Q 1-0

[Event "6I Torneo Ciudad de Pontevedra 2018"]
[Site "Pontevedra ESP"]
[Date "2018.08.12"]
[Round "7.23"]
[White "Villar Perez, Samuel"]
[Black "Levi, Netanel"]
[Result "1-0"]
[WhiteElo "2170"]
[BlackElo "1961"]
[PlyCount "99"]
[EventDate "2018.08.08"]
[EventType "swiss"]
[EventRounds "9"]
[EventCountry "ESP"]
[SourceTitle "Ajedrez en Madrid"]
[Source "lmi"]
[SourceDate "2018.08.08"]

1. d4 d6 2. Nf3 Nf6 3. c4 g6 4. Nc3 Bf5 5. e3 Bg7 6. Be2 O-O 7. O-O c5 8. b3
Nc6 9. Bb2 cxd4 10. exd4 e5 11. dxe5 dxe5 12. Nb5 Ne4 13. Qc1 a6 14. Nc3 Nd4
15. Nxd4 Nxc3 16. Qxc3 exd4 17. Qd2 d3 18. Bf3 Rb8 19. Bxg7 Kxg7 20. g4 Be6 21.
Rad1 f5 22. Qc3+ Qf6 23. Qxf6+ Kxf6 24. Rxd3 fxg4 25. Bg2 b6 26. Rfd1 Ke7 27.
Re3 Rbd8 28. Rxd8 Rxd8 29. Bd5 Rd6 30. Kf1 Kf6 31. Rxe6+ Rxe6 32. Bxe6 Kxe6 33.
Ke2 Ke5 34. Ke3 a5 35. a3 g5 36. b4 a4 37. Kd3 h6 38. Ke3 h5 39. Kd3 h4 40. Ke3
h3 41. Kd3 Kf4 42. c5 bxc5 43. bxc5 Kf3 44. c6 Kxf2 45. c7 g3 46. c8=Q g2 47.
Qf5+ Kg1 48. Qxh3 Kh1 49. Qf3 g4 50. Qxg4 1-0

[Event "6I Torneo Ciudad de Pontevedra 2018"]
[Site "Pontevedra ESP"]
[Date "2018.08.12"]
[Round "7.24"]
[White "Fernandez Lopez, Ruben"]
[Black "Florez Rodriguez, Diego"]
[Result "1/2-1/2"]
[WhiteElo "2106"]
[BlackElo "2112"]
[PlyCount "40"]
[EventDate "2018.08.08"]
[EventType "swiss"]
[EventRounds "9"]
[EventCountry "ESP"]
[SourceTitle "Ajedrez en Madrid"]
[Source "lmi"]
[SourceDate "2018.08.08"]

1. e4 e6 2. d4 d5 3. Nc3 dxe4 4. Nxe4 Bd7 5. Nf3 Bc6 6. Bd3 Nd7 7. Qe2 Ngf6 8.
Bg5 Be7 9. Bxf6 Nxf6 10. Neg5 Bxf3 11. Nxf3 c6 12. O-O O-O 13. Rad1 Qa5 14. a3
Qh5 15. Rfe1 Rad8 16. Qf1 Bd6 17. Qe2 Bc7 18. c3 Rfe8 19. Ne5 Qxe2 20. Rxe2 Nd7
1/2-1/2